000 00670nam a2200229Ia 4500
003 OSt
005 20250516162141.0
008 220923b |||||||| |||| 00| 0 eng d
020 _a0471321885
037 _cGeneral Book
040 _aRTL
_cRTL
_beng
041 _2eng
_aeng
100 _aWilson, John P.
_9143339
245 0 _aTerrain analysis:
_bprinciples and applications
260 _aNew York
_bJohn Wiley & Sons Inc.
_c2000
300 _axxiii, 479p.
_ccm.
500 _aBibliography P 429-468
650 _aGeography
_9796286
700 _aGallant, John C.
_9318967
942 _hU218, PO/TD
_cGB
_2CC
_n0
999 _c626781
_d626781